Social inteligence and machiavellism in managerial work of headmasters

Sociálna inteligencia ako dôležitá kompetencia manažérskej práce riaditeľov škôl.

Na minha lista:
Detalhes bibliográficos
Autor principal: Birknerová, Zuzana
Outros Autores: Frankovský, Miroslav
Formato: Capítulo de Livro
Idioma:inglês
Assuntos:
Tags: Adicionar Tag
Sem tags, seja o primeiro a adicionar uma tag!

MARC

LEADER 00000naa a2200000 4500
001 0196913
005 20220718122854.1
041 0 |a eng 
044 |a SK 
245 1 0 |a Social inteligence and machiavellism in managerial work of headmasters  |c Zuzana Birknerová, Miroslav Frankovský 
520 |a Sociálna inteligencia ako dôležitá kompetencia manažérskej práce riaditeľov škôl. 
610 2 0 |a školy 
610 2 0 |a manažéri 
610 2 0 |a vzdelávanie 
610 2 0 |a manažment 
610 2 0 |a inteligencia sociálna 
100 1 |a Birknerová, Zuzana 
700 1 |a Frankovský, Miroslav